Návrh a schvaľovanie postupu zvárania (WPS) benzínových chladičov vyrobených z ocele tr. 1.4462 (X2CrNiMoN 22-5-3)

Saved in:
Bibliographic Details
Main Author: Bugár, Jaroslav (Author)
Other Authors: Sejč, Pavol (Thesis advisor)
Format: Manuscript Book
Language:Slovak
Published: 2015
Subjects:
Online Access:http://is.stuba.sk/zp/portal_zp.pl?podrobnosti=112760
Tags: Add Tag
No Tags, Be the first to tag this record!

MARC

LEADER 00000ntm a22000003a 4500
001 stuzp53038
003 SK-STU
005 20160719154346.6
007 ta
008 150427s2015----xo-----f-mn---000-0-slo-d
040 |a STU  |b slo 
041 0 |a slo 
100 1 |a Bugár, Jaroslav  |u 020050  |4 aut  |U SjF Strojnícka fakulta  |T SjF Ústav technológií a materiálov  |X 69894  |U J0050  |Y 803  |7 A000069894 
242 0 1 |a Design and approval of welding procedures (WPS) gas coolers made of steel grade. 1.4462 (X2CrNiMoN 22-5-3)  |y eng 
245 1 0 |a Návrh a schvaľovanie postupu zvárania (WPS) benzínových chladičov vyrobených z ocele tr. 1.4462 (X2CrNiMoN 22-5-3) 
260 |c 2015 
650 4 |a nehrdzavejúce ocele  |2 slo 
650 4 |a TIG + MAG zváranie  |2 slo 
650 4 |a plášť benzínového chladiča  |2 slo 
650 4 |a stanovený postup zvárania  |2 slo 
650 4 |a coat gasoline cooler  |2 eng 
650 4 |a stainless steel  |2 eng 
650 4 |a Welding procedure  |2 eng 
650 4 |a MAG + TIG welding  |2 eng 
700 1 |a Sejč, Pavol  |4 ths  |X 2300  |7 A000002300 
856 4 |u http://is.stuba.sk/zp/portal_zp.pl?podrobnosti=112760 
996 |b 284J043809  |c J* 2099/DP  |l JJSK  |s A  |a 24  |w stuzp53038_0001 
SQL |a stuzp53038  |b DDP  |c SLO  |d Návrh a schvaľovanie postupu zvárania (WPS) benzínových chladičov vyrobených z ocele tr. 1.4462 (X2CrNiMoN 22-5-3)  |e 69894  |f Bugár, Jaroslav  |g 020050  |h 2300  |i Sejč, Pavol  |j 20150617  |k 60  |l 02  |m http://is.stuba.sk/zp/portal_zp.pl?podrobnosti=112760  |n I-STAM  |o 5.2.51. výrobné technológie